[Event "Oldie Clash (2h/40)"]
[Site "Hannover"]
[Date "2015.06.21"]
[Round "10"]
[White "Mephisto Modena"]
[Black "Novag Super Forte A"]
[Result "1-0"]
[WhiteElo "1916"]
[BlackElo "1963"]
[EventDate "2013.06.21"]

1.c4 e5 2.Nc3 Nc6 3.Nf3 Nf6 4.e3 Bb4 5.Qc2 O-O 6.d3 {Letzter Buchzug Weiss
} 6...Re8 7.Bd2 d6 {Letzter Buchzug Schwarz} 8.a3 Bxc3 9.Bxc3 a5 10.Be2 d5
11.cxd5 Nxd5 12.d4 exd4 13.Nxd4 Nxd4 14.Bxd4 Nf4 15.exf4 Qxd4 16.O-O Qxf4 
17.Bd3 h6 18.Rac1 c6 19.Bh7+ Kh8 20.Bd3 Be6 21.Rfe1 Bd5 22.f3 Rad8 23.Qc3 
Re3 24.Rcd1 b6 ( {[Komodo 5.1r2 64-bit ] 22:-1.90} 24...Bxf3 25.g3 ( {
[Komodo 5.1r2 64-bit ] 21:-3.35} 25.gxf3 Rd5 26.Rf1 Rxf3 27.Qc4 Qe3+ 28.
Kh1 Rxf1+ 29.Rxf1 Rxd3 30.Qg4 Rd5 31.Qg3 Qe4+ 32.Qg2 Qd3 33.Qf3 Qxf3+ 34.
Rxf3 Kg8 35.Rf2 g5 36.Kg2 Kg7 37.Rc2 Kg6 38.Re2 Rd3 39.Kf2 b6 ) 25...Qg5 
26.Kf2 Rxe1 27.Rxe1 Bg4 28.h4 Qd5 29.Bc4 Qd6 30.Kg1 f6 31.Bf7 c5 32.Bc4 b6
33.b3 Kh7 34.Qc2+ f5 35.Qf2 Qd4 36.Re7 Bf3 37.Qxd4 cxd4 38.Kf2 ) 25.Rf1 
Be6 ( {[Komodo 5.1r2 64-bit ] 22:-1.97} 25...Rxf3 26.Rxf3 Bxf3 27.Re1 Bd5 
28.b4 axb4 29.axb4 c5 30.bxc5 bxc5 31.Bc2 Qd4+ 32.Qxd4 cxd4 33.Rd1 Bc6 34.
Kf2 g6 35.Rc1 Rd6 36.h4 Kg7 37.Bd3 f5 38.g3 Kf6 39.Ke2 Bd5 40.Rc7 ) 26.Be4
Rc8 27.Qxc6 Qb8 28.Qd6 Re2 29.Qxb8 Rxb8 30.Rf2 Rxf2 31.Kxf2 g6 32.Ke3 Kg7 
33.f4 Re8 34.Kf3 Bg4+ 35.Kxg4 Rxe4 36.Kf3 Re6 37.b3 Kf6 38.g4 Rc6 39.Ke4 
Re6+ 40.Kf3 Rc6 41.Ke3 Rc3+ 42.Rd3 Rxd3+ 43.Kxd3 g5 ( {[Komodo 5.1r2 
64-bit ] 29:+0.00} 43...h5 44.h3 hxg4 45.hxg4 g5 46.Ke3 b5 47.Ke4 gxf4 48.
Kxf4 Kg6 49.g5 f6 50.gxf6 Kxf6 51.Ke4 Ke6 52.Kd4 Kd6 53.b4 a4 54.Ke4 Ke6 
55.Kd4 Kd6 ) 44.Ke3 b5 45.Ke4 Ke6 46.b4 ( {[Komodo 5.1r2 64-bit ] 24:+2.06
} 46.a4 bxa4 47.f5+ Kd6 48.bxa4 Kc5 49.Ke5 Kb4 50.Kf6 Kxa4 51.Kxf7 Kb3 52.
f6 a4 53.Kg6 a3 54.f7 a2 55.f8=Q a1=Q 56.Qf3+ Kc4 57.Qe4+ Kb3 58.Qd3+ Kb4 
59.Qd6+ Kb5 60.Kxh6 Qh8+ 61.Kxg5 Qg8+ 62.Kf4 Qc4+ 63.Ke5 Qc3+ 64.Kf5 Qh3 
65.Qe5+ Ka6 66.Kg5 Kb7 67.Qe4+ Kb8 68.Qd4 Kb7 69.Qe5 Kc6 70.Qe4+ Kc7 71.
Qe7+ Kc6 72.Qe6+ Kc5 73.Qf5+ Kb6 ) 46...axb4 47.f5+ Kd7 ( {[Komodo 5.1r2 
64-bit ] 33:+0.00} 47...Kd6 48.axb4 f6 49.h3 Kc6 50.Kd4 Kd6 51.Ke4 ) 48.
axb4 Kd6 49.f6 Ke6 50.Kd4 Kd6 51.h3 Kc6 52.Ke5 Kc7 53.Kd5 Kd7 54.Kc5 Kc7 
55.Kxb5 Kb7 56.Kc5 Kc7 57.b5 Kd7 58.b6 Kd8 59.Kd6 Kc8 {Schwarz gibt auf.} 
1-0

[Event "Oldie Clash (2h/40)"]
[Site "Hannover"]
[Date "2015.06.27"]
[Round "10"]
[White "Fidelity Excellence 3MHz"]
[Black "Mephisto MM II"]
[Result "1-0"]
[WhiteElo "1843"]
[BlackElo "1840"]
[EventDate "2013.06.21"]

1.d4 d5 2.c4 c6 3.Nf3 Nf6 4.cxd5 cxd5 5.Nc3 Nc6 6.Bf4 Bf5 7.e3 e6 8.Bb5 
Nd7 9.Qa4 {Letzter Buchzug Weiss} 9...Rc8 10.Bxc6 Rxc6 11.Qxa7 Qc8 {
Letzter Buchzug Schwarz} 12.Qa5 Be4 13.O-O Bxf3 14.gxf3 Nb6 15.b3 Rxc3 16.
Qxb6 Be7 17.Qb5+ Qc6 18.Qxc6+ Rxc6 19.Rfc1 g5 20.Rxc6 bxc6 21.Bg3 Ba3 22.
Be5 Rf8 23.Bf6 Rg8 24.Kf1 Rg6 25.Be5 f6 26.Bg3 h5 27.Bb8 Kd7 28.Ba7 Bb2 
29.Rb1 Ba3 30.b4 Kc7 31.Rb3 Bc1 32.a4 Kb7 33.Bc5 g4 34.fxg4 Rxg4 35.b5 e5 
36.bxc6+ Kxc6 37.Rb6+ Kc7 38.Rxf6 exd4 39.Bxd4 Ba3 40.f4 Rh4 41.Kg2 Rg4+ 
42.Kh1 h4 43.Rf7+ Kd6 44.a5 Ke6 45.Rh7 Bb4 46.a6 Rg8 47.Rxh4 Rc8 48.Rh6+ 
Kf5 49.a7 Kg4 50.Rg6+ Kf5 51.Ra6 Ra8 52.Rb6 Bd6 53.Rxd6 Ke4 54.Rf6 Rc8 55.
Ra6 Kf3 56.Ra1 Ra8 57.Rb1 Rc8 58.Bc5 Kf2 59.f5 Kf3 60.f6 Rxc5 61.a8=Q Rc7 
62.Qxd5+ Ke2 63.Rb2+ Kxe3 64.Rb3+ Ke2 65.Qd3+ Ke1 66.Rb1+ Rc1 67.Qe3+ Kf1 
68.Rxc1# 1-0

[Event "Oldie Clash (2h/40)"]
[Site "Hannover"]
[Date "2015.10.28"]
[Round "10"]
[White "Fidelity Elite A/S Budapest"]
[Black "Krypton Regency"]
[Result "0-1"]
[WhiteElo "1706"]
[BlackElo "1817"]
[EventDate "2013.06.21"]

1.Nf3 Nf6 2.g3 {Letzter Buchzug Weiss} 2...d5 {Letzter Buchzug Schwarz} 3.
d4 e6 4.Bd2 c5 5.e3 Ne4 6.Bb5+ Nc6 7.Ne5 Qb6 8.Bxc6+ bxc6 9.Bc3 cxd4 10.
Bxd4 c5 11.Bc3 Nxc3 12.bxc3 Qb8 13.f4 Qb2 14.Nd2 Qxc3 15.Kf2 Bd6 16.Ndf3 
f6 17.Qd3 Qxd3 18.Nxd3 c4 19.Nb2 Rb8 20.Rhb1 O-O 21.Kg2 Bc5 22.Nd1 Bd7 23.
c3 Ba4 24.Nd4 Bxd4 25.exd4 Bc2 26.Rxb8 Rxb8 27.Kg1 Bxd1 28.Rxd1 Rb2 29.a4 
Rb3 30.Re1 Kf7 31.Re3 Ra3 32.g4 Rxa4 33.f5 exf5 34.gxf5 a5 35.Rh3 Ra1+ 36.
Kf2 h6 37.Re3 Ra2+ 38.Kg1 Rc2 39.Re6 Rxc3 40.Rd6 Rc1+ 41.Kg2 a4 42.Rxd5 c3
43.Ra5 Rd1 44.Ra7+ Kg8 45.Ra8+ Kh7 46.Rxa4 c2 47.Rc4 c1=Q 48.Rxc1 Rxc1 49.
Kf3 Rh1 50.h4 Rxh4 51.Ke3 Rh5 52.Ke4 g6 53.fxg6+ Kxg6 54.Ke3 Kf5 55.Kd2 
Ke4 56.Ke2 f5 0-1

[Event "Oldie Clash (2h/40)"]
[Site "Hannover"]
[Date "2016.08.29"]
[Round "11"]
[White "Krypton Regency"]
[Black "Mephisto Monte Carlo IV"]
[Result "0-1"]
[WhiteElo "1817"]
[BlackElo "1921"]
[EventDate "2013.06.21"]

1.c4 c5 2.Nf3 Nc6 3.Nc3 Nf6 4.g3 g6 5.Bg2 Bg7 6.O-O O-O 7.d4 cxd4 8.Nxd4 
Nxd4 9.Qxd4 d6 {Letzter Buchzug Schwarz} 10.Bg5 {Letzter Buchzug Weiss} 
10...Ng4 11.Qe4 Bxc3 12.bxc3 f6 13.Bf4 f5 14.Qd5+ Rf7 15.Rfd1 Nf6 16.Qd4 
Qa5 17.Bh6 Ne8 18.Qd3 ( {[Komodo 8 64-bit ] 18:+1.42} 18.c5 Be6 19.Bxb7 
Rb8 20.c6 f4 21.Bxf4 Bc8 22.Be3 Bxb7 23.Rab1 Qc7 24.Rxb7 Rxb7 25.cxb7 Qxb7
26.Qxa7 Qb5 27.Re1 e5 28.Qa8 Rf8 29.Qa3 Qc6 30.f3 Nc7 31.Qb3+ d5 32.a4 ) 
18...e6 19.e4 fxe4 20.Bxe4 Rb8 21.Qd4 ( {[Komodo 8 64-bit ] 21:+1.42} 21.
Bxg6 hxg6 22.Qxg6+ Ng7 23.Rxd6 Bd7 24.Qxf7+ Kxf7 25.Rxd7+ Kg6 26.Bxg7 Rd8 
27.Rxb7 e5 28.Rb5 Qxc3 29.Bxe5 Qxc4 30.Rb2 Re8 31.Bf4 Qd4 32.Rab1 Re1+ 33.
Rxe1 Qxb2 34.a4 Qb4 35.Re5 Qxa4 36.h4 Qb4 37.h5+ Kh7 38.Bg5 Qd4 39.Re7+ 
Kg8 40.Re1 Qg4 41.Re8+ Kf7 ) 21...b6 22.Re1 Qh5 23.Bd2 e5 24.Qd3 Bf5 25.
Rac1 Bxe4 26.Rxe4 Qf3 27.Be3 Nc7 28.Rh4 Rd8 29.Rh6 Rdd7 30.Re1 Rf6 31.Rd1 
Rdf7 32.a3 e4 33.Qd2 Ne8 34.Re1 Ng7 35.Rh4 Re6 36.Rf4 Rxf4 37.Bxf4 Nf5 38.
Qd5 Kf7 39.Bg5 h6 40.Bd2 g5 41.Be3 Qg4 42.a4 Qf3 43.a5 bxa5 44.Qxa5 Re7 
45.Bxa7 Re5 46.c5 Kg7 47.Bb6 ( {[Komodo 8 64-bit ] 22:-0.06} 47.Qb5 Re7 
48.cxd6 Rxa7 49.Qd5 Qxc3 50.Rxe4 Qc1+ 51.Kg2 Qc8 52.h4 Rf7 53.Rc4 Qd8 54.
hxg5 hxg5 55.Rc7 Nxd6 56.Rxf7+ Nxf7 57.Qxd8 Nxd8 58.Kh3 Nf7 59.f4 Kg6 60.
fxg5 Kxg5 61.Kg2 Kg4 62.Kf2 Nd6 63.Ke3 Kxg3 64.Kd4 Kf4 65.Kd5 Ne4 ) 47...
e3 48.fxe3 Nxe3 ( {[Komodo 8 64-bit ] 21:-14.84} 48...Nxg3 49.Qa8 Qxa8 50.
e4 Rxe4 51.Rxe4 Qa1+ 52.Kg2 Nxe4 53.cxd6 Qb2+ 54.Kf3 Nd2+ 55.Ke2 Nc4+ 56.
Kd3 Nxb6 57.h3 Qb1+ 58.Kd4 Qb5 59.Ke3 Qd5 60.Ke2 Nc4 61.Kf2 Qd2+ 62.Kf3 
Qf4+ 63.Ke2 Qe4+ 64.Kf1 Qf5+ 65.Ke1 Qb1+ 66.Kf2 Qc2+ 67.Kf1 Qd1+ ) 49.Qa2 
( {[Komodo 8 64-bit ] 21:+0.00} 49.Qa7+ Kf8 50.Qb8+ Kf7 51.Qa7+ Kg6 52.Qa2
Nd5 53.Rxe5 dxe5 54.c6 Qd1+ 55.Kg2 Nxb6 56.Qe6+ Kh7 57.Qf5+ Kg8 58.Qg6+ 
Kf8 59.Qxh6+ Kf7 60.Qh7+ Kf6 61.Qh6+ Kf5 62.Qf8+ Kg6 63.Qe8+ Kf5 64.Qf8+ )
49...Rf5 50.h3 Qxg3+ 51.Kh1 Qxe1+ 52.Kh2 Rf2+ 53.Qxf2 Qxf2+ 54.Kh1 Qg2# 
0-1

[Event "Oldie Clash (2h/40)"]
[Site "Hannover"]
[Date "2016.08.31"]
[Round "11"]
[White "Mephisto MM II"]
[Black "Fidelity Elite A/S Budapest"]
[Result "1/2-1/2"]
[WhiteElo "1840"]
[BlackElo "1706"]
[EventDate "2013.06.21"]

1.c4 c5 2.Nc3 Nc6 3.g3 g6 4.Bg2 Bg7 5.Nf3 Nf6 {Letzter Buchzug Schwarz} 6.
d4 cxd4 7.Nxd4 O-O 8.e3 {Letzter Buchzug Weiss} 8...e5 9.Nb3 a5 10.O-O d6 
11.e4 Be6 12.Nd2 Nd4 13.Nd5 Rc8 14.Nxf6+ Qxf6 15.b3 b5 16.cxb5 Nxb5 17.Bb2
Nc3 18.Qe1 Rc5 19.Nc4 Bxc4 20.bxc4 Na4 21.Ba3 Rxc4 22.Qxa5 Nc5 23.Qc7 Ra8 
24.Rfc1 Rca4 25.Bxc5 dxc5 26.Qxc5 Qe6 ( {[Komodo 8 64-bit ] 22:+0.03} 
26...Bf8 27.Qc6 Qxc6 28.Rxc6 Rxa2 29.Rxa2 Rxa2 30.Bf1 Ra5 31.Kg2 Rc5 32.
Rxc5 Bxc5 33.f4 Kg7 34.Kf3 Kf6 35.Bc4 Bd4 36.Kg4 h5+ 37.Kf3 h4 38.Kg4 hxg3
39.hxg3 Bc3 40.Kf3 Bd4 ) 27.Bf1 Bf8 28.Qc7 R4a7 29.Qc4 Rxa2 30.Qxe6 fxe6 
31.Rxa2 Rxa2 32.Bc4 Ra4 33.Bxe6+ Kg7 34.Bd5 Bd6 35.Kg2 Kf6 36.Rc6 Ke7 37.
Kh3 Rb4 38.Ra6 Kd7 39.Ra7+ Bc7 40.f4 exf4 41.gxf4 Kd6 42.Ra6+ Bb6 43.Kg4 
h6 44.Bf7 g5 45.fxg5 hxg5 46.Kxg5 Ke5 47.Bd5 Bd8+ 48.Kg6 Rb2 49.h3 Rg2+ 
50.Kf7 Rg3 51.Rh6 Kd4 52.Ke8 Bc7 53.Rh7 Bf4 54.Rh5 Ra3 55.Rf5 Bg3 56.Bb7 
Re3 57.Rh5 Be5 58.Bc6 Rc3 59.Kd7 Rg3 60.Bd5 Rg7+ 61.Ke8 Bf6 62.Rf5 Bh4 63.
Rf4 Rh7 64.Rf1 Bg3 65.Rh1 Ke3 66.Kf8 Kd4 67.Kg8 Rh4 68.Kf7 Ke5 69.Kg6 Bf4 
70.Kg7 Bg5 71.Kf8 Be3 72.Ke7 Bd4 73.Kd8 Kd6 74.Ke8 Bc3 75.Kf8 Rf4+ 76.Kg8 
Rh4 77.Kf7 Bh8 78.Ba8 Ke5 79.Kg8 Ke6 80.Bd5+ Ke7 81.Rb1 Rxh3 1/2-1/2

[Event "Oldie Clash (2h/40)"]
[Site "Hannover"]
[Date "2016.09.02"]
[Round "11"]
[White "Novag Super Forte A"]
[Black "Fidelity Excellence 3MHz"]
[Result "1-0"]
[WhiteElo "1963"]
[BlackElo "1843"]
[EventDate "2013.06.21"]

1.e4 c5 2.Nf3 e6 3.d4 cxd4 4.Nxd4 Nc6 5.Nc3 Qc7 6.Be2 a6 {Letzter Buchzug 
Schwarz} 7.f4 Nf6 8.e5 {Letzter Buchzug Weiss} 8...Nd5 9.Nxd5 exd5 10.Nf5 
g6 11.Ne3 d4 12.Ng4 Be7 13.O-O d6 14.Nf6+ Bxf6 15.exf6 Be6 16.Bg4 Nb4 17.
Bxe6 Nxc2 18.Bxf7+ Kxf7 19.Rb1 Kxf6 20.f5 gxf5 21.Qh5 Qc5 22.Bg5+ Ke6 23.
Rbe1+ Ne3 24.Qh6+ Kd7 25.Qg7+ Kc6 26.Bxe3 Rhg8 27.Qxd4 Qxd4 28.Bxd4 Rg4 
29.Be3 Rf8 30.Rc1+ Kd7 31.Rf4 b5 32.Kf2 d5 33.Kf3 h5 34.b4 Rf7 35.Rc3 Rf6 
36.Bc5 Rf7 37.Re3 Rxf4+ 38.Kxf4 Rg7 39.g3 h4 40.Kxf5 hxg3 41.hxg3 Rh7 42.
Re5 Kc6 43.Re6+ Kb7 44.Re7+ Rxe7 45.Bxe7 d4 46.g4 d3 47.Bg5 Kc6 48.Ke4 Kd7
49.Kxd3 Kd6 50.Ke4 Ke6 51.a3 Kf7 52.Kd5 Kg6 53.Bh4 Kf7 54.Kc6 Ke6 55.Kb7 
Ke5 56.g5 Kf5 57.Kxa6 Kg6 58.Kxb5 1-0

[Event "Oldie Clash (2h/40)"]
[Site "Hannover"]
[Date "2016.09.07"]
[Round "11"]
[White "Fidelity Par Excellence"]
[Black "Mephisto Modena"]
[Result "0-1"]
[WhiteElo "1911"]
[BlackElo "1916"]
[EventDate "2013.06.21"]

1.d4 d5 2.Nf3 e6 3.Bf4 {Letzter Buchzug Weiss} 3...Nf6 {Letzter Buchzug 
Schwarz} 4.Nc3 Bb4 5.Qd3 c5 6.dxc5 Nbd7 7.c6 bxc6 8.O-O-O Qa5 9.e3 Bxc3 
10.Qxc3 Qxc3 11.bxc3 Ne4 12.Re1 Nxf2 13.Rg1 O-O 14.c4 Nf6 15.cxd5 cxd5 16.
Bd6 Re8 17.Bb5 Bd7 18.Bxd7 Nxd7 19.Nd2 Nf6 20.Rgf1 N6e4 21.Nxe4 Nxe4 22.
Be5 f6 23.Bb2 Kf7 24.Rd1 Rec8 25.Rd3 Kg6 26.Rb3 Rc7 27.Ba1 Rac8 28.Rb2 a5 
29.Rf4 a4 30.a3 Kg5 31.h4+ Kh5 32.Ra2 h6 33.Rf3 Kxh4 34.Bd4 e5 35.Bb6 Rc6 
36.Rb2 Rc3 37.Rh3+ Kg4 38.Ra2 Ng5 39.Rh1 Rb3 40.Ba5 Rxe3 41.Re1 Rg3 42.Rg1
Ne4 43.Be1 Nc3 44.Ra1 Ne2+ 45.Kd2 Nxg1 46.Bxg3 Kxg3 47.Rxg1 Kf2 48.Rb1 
Kxg2 49.Rb7 g5 50.Rb6 f5 51.Rxh6 Kf3 52.Rh3+ Kf4 53.Rh1 g4 54.c3 g3 55.
Rf1+ Kg4 56.Rd1 f4 57.Rb1 g2 58.Ke2 Kg3 59.Kd2 f3 60.Kc2 f2 61.Rb7 f1=Q 
0-1

[Event "Oldie Clash (2h/40)"]
[Site "Hannover"]
[Date "2016.09.20"]
[Round "11"]
[White "Mephisto Mega IV"]
[Black "SciSys Turbostar 432 KSO"]
[Result "1-0"]
[WhiteElo "1907"]
[BlackElo "1825"]
[EventDate "2013.06.21"]

1.d4 d5 2.c4 e6 3.Nc3 c5 4.cxd5 exd5 5.Nf3 Nc6 6.g3 Nf6 7.Bg2 Be7 8.O-O 
O-O 9.Bg5 cxd4 10.Nxd4 {Letzter Buchzug Weiss} 10...Re8 11.Rc1 h6 12.Bf4 
g5 {Letzter Buchzug Schwarz} 13.Be3 Be6 14.Na4 Nxd4 15.Bxd4 Qa5 16.Nc5 $1 
Qxa2 17.Nxe6 fxe6 18.Qd3 Kg7 19.Rc7 b6 20.Qc3 e5 21.Bxe5 Kg8 22.Bxf6 Bc5 
23.Bxg5 Be7 24.Bxe7 Rac8 25.Qf6 Qb1 26.Bxd5+ Kh7 27.Bf8+ Rxc7 28.Qxh6# 1-0

[Event "Oldie Clash (2h/40)"]
[Site "Hannover"]
[Date "2016.09.22"]
[Round "11"]
[White "Saitek Turbo King B (EGR)"]
[Black "Mephisto Monte Carlo I"]
[Result "1/2-1/2"]
[WhiteElo "1849"]
[BlackElo "1888"]
[EventDate "2013.06.21"]

1.d4 d5 2.c4 e6 3.Nc3 Nf6 4.Bg5 Be7 5.Nf3 O-O 6.e3 Nbd7 {Letzter Buchzug 
Schwarz} 7.cxd5 {Letzter Buchzug Weiss} 7...exd5 8.Bd3 h6 9.Bf4 Nb6 10.Qc2
Re8 11.Nb5 Bg4 12.Nxc7 Rc8 13.Nxe8 Bb4+ 14.Kf1 Rxc2 15.Nxf6+ Qxf6 16.Bxc2 
Bxf3 17.gxf3 Nc4 18.b3 Nd2+ 19.Ke2 g5 20.a3 Bc3 21.Rag1 Nxb3 22.Kd3 Nxd4 
23.Kxc3 Nxf3+ 24.Kb3 Nd2+ 25.Ka2 Nc4 26.Rb1 Qc3 27.Bb3 Qd2+ 28.Ka1 gxf4 
29.Bxc4 dxc4 30.Rxb7 fxe3 31.fxe3 Qxe3 32.Ka2 c3 33.Rbb1 Qe6+ 34.Ka1 c2 
35.Rbg1+ Kf8 36.Kb2 Qc6 37.Rc1 Qg2 38.h4 a5 39.Rhg1 Qh2 40.Rh1 Qg2 41.Rhf1
h5 42.Rg1 Qh2 43.Rg5 Qxh4 44.Rxa5 Qd8 45.Rxh5 Qb6+ 46.Ka2 Qe6+ 47.Kb2 Qf6+
48.Ka2 Qe6+ 49.Kb2 Qb6+ 50.Ka2 Qe6+ 1/2-1/2

[Event "Oldie Clash (2h/40)"]
[Site "Hannover"]
[Date "2016.09.24"]
[Round "11"]
[White "Mephisto B&P"]
[Black "Mephisto MM IV"]
[Result "0-1"]
[WhiteElo "1757"]
[BlackElo "1967"]
[EventDate "2013.06.21"]

1.d4 Nf6 2.c4 c5 3.d5 e6 4.Nc3 exd5 5.cxd5 d6 6.e4 g6 {Letzter Buchzug 
Schwarz} 7.f4 Bg7 8.e5 dxe5 9.fxe5 {Letzter Buchzug Weiss} 9...Nfd7 10.Nf3
Nxe5 11.Bb5+ Bd7 12.Qe2 O-O 13.Ng5 Re8 14.O-O Ng4 15.Qf3 Bd4+ 16.Kh1 Ne5 
17.Qe2 a6 18.Bxd7 Nbxd7 19.Nge4 Qb6 20.Bh6 f5 21.Na4 Qa5 22.Nd6 Qxa4 23.
Nxe8 Rxe8 24.b3 Qa5 25.Rad1 Nf6 26.Bf4 Neg4 27.Qd2 Qxd2 28.Rxd2 Nf2+ 29.
Rdxf2 Bxf2 30.d6 Ne4 31.g3 Rd8 32.a4 Bd4 33.a5 Nxd6 34.Bxd6 Rxd6 35.Re1 
Kf7 36.Rd1 b5 37.axb6 Rxb6 38.Rd3 Re6 39.h4 Re3 40.Rd1 Rxg3 41.Rf1 Rxb3 
42.Kg2 a5 43.Rh1 a4 44.h5 a3 45.Re1 g5 46.Rh1 f4 47.Re1 a2 48.Rd1 Rb1 49.
Rf1 Rxf1 50.Kxf1 f3 0-1

[Event "Oldie Clash (2h/40)"]
[Site "Hannover"]
[Date "2016.10.10"]
[Round "12"]
[White "Mephisto Rebell 5.0"]
[Black "Mephisto MM IV"]
[Result "1/2-1/2"]
[WhiteElo "1893"]
[BlackElo "1967"]
[EventDate "2013.06.21"]

1.d4 Nf6 2.c4 e6 3.g3 d5 4.Bg2 {Letzter Buchzug Weiss} 4...c6 {Letzter 
Buchzug Schwarz} 5.cxd5 exd5 6.Nf3 Bf5 7.O-O Bd6 8.Qb3 b6 9.Bg5 O-O 10.Nc3
h6 11.Bd2 Re8 12.Rac1 Nbd7 13.Nd1 c5 14.Nc3 c4 15.Qa4 a6 16.Qc6 Qc7 17.
Qxc7 Bxc7 18.Nh4 Be4 19.Nxe4 Nxe4 20.Be1 b5 21.Nf5 a5 22.f3 Ng5 23.e3 Ra6 
24.b3 Rae6 25.h4 Nh7 26.e4 Bb6 27.exd5 Rf6 28.g4 cxb3 29.axb3 Nhf8 30.h5 
Kh7 31.Bh4 g5 32.hxg6+ Rxg6 33.Rfe1 Rxe1+ 34.Rxe1 Bc7 35.Bf1 a4 36.Re7 
axb3 37.Rxf7+ Kg8 38.Rxd7 Nxd7 39.Ne7+ Kf7 40.Nxg6 Kxg6 41.Bxb5 Nb6 42.Be1
Kg5 43.Bc3 Nxd5 44.Bb2 Ne3 45.Bc1 Bf4 46.Ba4 Nc2 47.Bb2 Ne1 48.Bxb3 Nxf3+ 
49.Kg2 Ne1+ 50.Kf1 Nf3 51.Ke2 Kxg4 52.Be6+ Kg3 53.Bf7 Kg4 54.Be8 Ng1+ 55.
Kf2 Nh3+ 56.Kg2 Ng5 57.Bd7+ Kh4 58.Ba3 Ne4 59.Be7+ Bg5 60.Bf8 Nc3 61.Bc6 
Ne2 62.d5 Kg4 63.Bd7+ Kf4 64.Bb5 Nd4 65.Be8 Ke5 66.Bf7 Nf5 67.Kf3 Be7 68.
Bxe7 Nxe7 69.Kg4 Nxd5 70.Bxd5 Kxd5 71.Kh5 Ke5 72.Kg6 h5 73.Kxh5 1/2-1/2

[Event "Oldie Clash (2h/40)"]
[Site "Hannover"]
[Date "2016.10.13"]
[Round "12"]
[White "Mephisto Monte Carlo I"]
[Black "Mephisto B&P"]
[Result "1-0"]
[WhiteElo "1888"]
[BlackElo "1757"]
[EventDate "2013.06.21"]

1.Nf3 Nf6 2.d4 e6 3.c4 Bb4+ 4.Bd2 Bxd2+ {Letzter Buchzug Schwarz} 5.Nbxd2 
d5 6.e3 {Letzter Buchzug Weiss} 6...Nc6 7.cxd5 exd5 8.Bd3 O-O 9.Qb3 a5 10.
Rc1 a4 11.Qa3 Qd6 12.Qxd6 cxd6 13.a3 Ra5 14.O-O g6 15.Ng5 h6 16.Ngf3 g5 
17.Rc2 Be6 18.Rfc1 Re8 19.Ne1 Bd7 20.Nf1 Ra7 21.Nf3 Ne4 22.Ng3 Ra5 23.Nd2 
Nxd2 24.Rxd2 Rc8 25.Nf5 Bxf5 26.Bxf5 Rd8 27.g4 Ra6 28.Rdc2 Rb6 29.Kf1 Na5 
30.Kg2 Nb3 31.Re1 Rc6 32.f3 Rxc2+ 33.Bxc2 Rc8 34.Bf5 Rc7 35.Re2 Nc1 ( {
[Komodo 8 64-bit ] 25:+0.29} 35...Na5 36.Bd3 Nc4 37.e4 dxe4 38.Bxe4 Na5 
39.Kf2 Kg7 40.Rc2 Rxc2+ 41.Bxc2 Nc4 42.Bxa4 Nxb2 43.Bb3 Nd3+ 44.Ke3 Nf4 
45.Ke4 Kf6 46.Bc4 b6 47.h4 Kg6 48.h5+ Kf6 49.d5 Ke7 50.Kf5 Ng2 51.Bb5 Nf4 
52.Bc6 f6 ) 36.Rc2 Rxc2+ 37.Bxc2 b5 38.Kf2 Kf8 39.Ke1 Nb3 40.Bxb3 axb3 41.
Kd2 Ke7 42.Kc3 Kd7 43.Kxb3 Kc6 44.Kb4 Kb6 45.b3 Ka6 46.a4 bxa4 47.bxa4 Kb6
48.a5+ Ka6 49.Ka4 Ka7 50.Kb5 Kb7 51.h3 Kc7 52.a6 f6 53.f4 Kc8 54.Kb6 gxf4 
55.a7 Kd7 56.exf4 h5 57.gxh5 1-0

[Event "Oldie Clash (2h/40)"]
[Site "Hannover"]
[Date "2016.10.31"]
[Round "12"]
[White "SciSys Turbostar 432 KSO"]
[Black "Saitek Turbo King B (EGR)"]
[Result "1/2-1/2"]
[WhiteElo "1825"]
[BlackElo "1849"]
[EventDate "2013.06.21"]

1.e4 c5 2.Nf3 e6 3.d4 cxd4 4.Nxd4 Nf6 5.Nc3 d6 6.Be2 Be7 7.O-O O-O 8.f4 
Nc6 9.Be3 {Letzter Buchzug Weiss} 9...Qc7 {Letzter Buchzug Schwarz} 10.Qd3
Nxd4 11.Bxd4 Bd7 12.e5 dxe5 13.fxe5 Nd5 14.Nxd5 exd5 15.c3 a6 16.Qe3 Rfe8 
17.Bh5 Be6 18.a4 h6 19.Qf2 Rf8 20.a5 Rac8 21.h3 Qc4 22.Kh2 Qb5 23.Kg1 Qb3 
24.Rad1 Qb5 25.b4 Qd7 26.Kh2 Qc7 27.Kg1 Qc4 28.Be2 Qa2 29.Ra1 Qc2 30.Rac1 
Qg6 31.Bf3 Qg5 32.Rcd1 Rfe8 33.Qe2 Rc4 34.Bh5 Rf8 35.Qf3 g6 36.Bg4 Rcc8 
37.Rb1 h5 38.Bxe6 fxe6 39.Qe2 Rxf1+ 40.Rxf1 h4 41.b5 Rc4 42.bxa6 bxa6 43.
Qb2 Bd8 44.Qb7 Qe7 45.Qxa6 Qd7 46.Rb1 Bc7 47.Rb7 Rc6 48.Qb5 Kf8 49.Bb6 
Bxb6+ 50.Rxb6 Rc7 51.Qxd7 Rxd7 52.Rxe6 g5 53.Rg6 Rc7 54.Rxg5 Rxc3 55.Rg4 
Ke7 56.Rxh4 Ke6 57.Rh5 Ra3 58.a6 Ra2 59.h4 d4 60.Kf1 d3 61.a7 Rxa7 62.Kf2 
Ra2+ 63.Ke3 d2 64.Ke2 d1=Q+ 65.Kxd1 Rxg2 66.Ke1 Rc2 67.Rg5 Rc4 68.h5 Re4+ 
69.Kd2 Kd5 70.Kd3 Re1 71.Kd2 Rxe5 72.Rxe5+ Kxe5 73.h6 Kf6 74.Ke3 Kg6 75.h7
Kxh7 1/2-1/2

[Event "Oldie Clash (2h/40)"]
[Site "Hannover"]
[Date "2016.11.08"]
[Round "12"]
[White "Mephisto Modena"]
[Black "Saitek Simultano C"]
[Result "1-0"]
[WhiteElo "1916"]
[BlackElo "1849"]
[EventDate "2013.06.21"]

1.d4 Nf6 2.c4 g6 3.Nf3 Bg7 4.g3 {Letzter Buchzug Weiss} 4...c6 5.Bg2 d5 {
Letzter Buchzug Schwarz} 6.Nc3 dxc4 7.O-O O-O 8.Bg5 Bf5 9.Ne5 h6 10.Bf4 
Nh5 11.Be3 Be6 12.Qc1 g5 13.Ne4 Bd5 14.Rd1 f5 15.Nc5 b6 16.Bxd5+ Qxd5 17.
Ng6 Re8 18.Na4 Qe6 19.Ne5 Bxe5 20.dxe5 b5 21.Nc5 Qxe5 22.Qc2 Qf6 23.Rd2 e5
24.Rad1 Kh7 25.Rd6 Qf7 26.g4 Nf4 27.gxf5 Qh5 28.Ne4 Rf8 29.f6 Qg4+ 30.Ng3+
Kh8 31.f7 Qh3 32.Qe4 Rxf7 33.Rd8+ Kg7 34.Qxe5+ Rf6 35.Qe7+ Rf7 36.Bd4+ Kg6
37.Rg8+ Rg7 38.Rxg7# 1-0

[Event "Oldie Clash (2h/40)"]
[Site "Hannover"]
[Date "2016.11.12"]
[Round "12"]
[White "Fidelity Excellence 3MHz"]
[Black "Fidelity Par Excellence"]
[Result "0-1"]
[WhiteElo "1843"]
[BlackElo "1911"]
[EventDate "2013.06.21"]

1.c4 e5 2.Nc3 {Letzter Buchzug Weiss} 2...d6 3.Nf3 Bg4 4.d4 Nd7 {Letzter 
Buchzug Schwarz} 5.h3 Bxf3 6.exf3 exd4 7.Qxd4 Ngf6 8.Be3 Be7 9.Be2 c5 10.
Qd2 O-O 11.O-O Qb6 12.a4 Rfe8 13.a5 Qc6 14.b3 a6 15.Bd3 Ne5 16.Bf5 Ng6 17.
Bg5 Nd7 18.Bxe7 Nxe7 19.Bxd7 ( {[Komodo 8 64-bit ] 21:+1.39} 19.Be4 Qc7 
20.Rfd1 Rac8 21.Qxd6 Nf6 22.Na4 h6 23.g3 Ng6 24.Nb6 Qxd6 25.Rxd6 Rc7 26.
Re1 Ne7 27.Rdd1 Nc8 28.Nxc8 Rexc8 29.f4 Re7 30.Bf3 Rce8 31.Rxe7 Rxe7 32.
Rd8+ Kh7 ) 19...Qxd7 20.Ne4 Rad8 21.Rfd1 Qc6 22.Qe3 h6 23.Qc3 Nf5 24.b4 
Nd4 25.Qb2 Rc8 26.Nc3 Re6 27.bxc5 dxc5 28.Rab1 Rb8 29.Qb6 Nxf3+ 30.gxf3 
Rg6+ 31.Kf1 Qxf3 32.Rd8+ Rxd8 33.Qxd8+ Kh7 34.Qd5 Qxh3+ 35.Ke2 Qxc3 36.Qd3
Qe5+ 37.Kf1 Qh2 38.Rb6 Qh1+ 39.Ke2 Qh5+ 40.Kf1 Qg5 41.Rxg6 Qc1+ 42.Ke2 
fxg6 43.Qd5 Qb2+ 44.Ke3 Qb4 45.Kd3 h5 46.Ke2 Qxa5 47.Qxb7 Qa2+ 48.Kd3 h4 
49.Qb6 Qxf2 50.Qe6 Qf3+ 51.Qe3 Qxe3+ 52.Kxe3 a5 53.Ke4 a4 54.Kd3 h3 55.Kc3
h2 56.Kb2 h1=Q 0-1

[Event "Oldie Clash (2h/40)"]
[Site "Hannover"]
[Date "2016.11.13"]
[Round "12"]
[White "Fidelity Elite A/S Budapest"]
[Black "Novag Super Forte A"]
[Result "1-0"]
[WhiteElo "1706"]
[BlackElo "1963"]
[EventDate "2013.06.21"]

1.d4 Nf6 2.c4 g6 3.Nc3 d5 4.Nf3 Bg7 5.Qb3 dxc4 6.Qxc4 O-O 7.e4 Bg4 8.Be3 
Nfd7 9.Qb3 Nb6 10.Rd1 Nc6 11.d5 Ne5 12.Be2 Nxf3+ 13.gxf3 Bh5 14.Rg1 {
Letzter Buchzug Weiss} 14...Qd7 15.Rg3 c6 {Letzter Buchzug Schwarz} 16.
dxc6 Qxc6 17.Nb5 Be5 18.Rg5 Bxh2 19.Nxa7 Rxa7 20.Bxb6 Raa8 21.Rgd5 Bd6 22.
Be3 Qa4 23.Qxa4 Rxa4 24.a3 Kg7 25.e5 Bc7 26.Bc5 Rc8 27.Bxe7 Ba5+ 28.b4 Bb6
29.Rd7 Rxa3 30.Rxb7 Ba7 31.Bf6+ Kh6 32.Rxf7 Rc2 33.Bg7+ Kg5 34.e6 Bxf3 35.
Bxf3 Bxf2+ 36.Kf1 Ba7 37.Rd5+ Kh4 38.Bf6+ Kh3 39.Bg2+ Rxg2 40.Rxh7+ Kg4 
41.Rg5+ Kf4 42.Kxg2 Ra2+ 43.Kf1 Be3 44.e7 Ra8 {Schwarz gibt auf.} 45.Rh4+ 
Kf3 46.Rh3+ Kf4 47.Ra5 Rc8 48.Rh8 Rc1+ 49.Kg2 Rc2+ 50.Kh3 Rc1 51.Bg5+ Kf3 
52.Rf8+ Ke2 53.Ra2+ Kd3 54.Rd8+ Kc4 55.Bxe3 Kb3 56.Bxc1 1-0

[Event "Oldie Clash (2h/40)"]
[Site "Hannover"]
[Date "2016.11.18"]
[Round "12"]
[White "Mephisto Monte Carlo IV"]
[Black "Mephisto MM II"]
[Result "0-1"]
[WhiteElo "1921"]
[BlackElo "1840"]
[EventDate "2013.06.21"]

1.e4 c6 2.d4 d5 3.exd5 cxd5 4.c4 Nf6 5.Nc3 e6 6.Nf3 {Letzter Buchzug Weiss
} 6...Bb4 {Letzter Buchzug Schwarz} 7.Bg5 O-O 8.Rc1 Nc6 9.a3 Be7 10.Ne5 
Nxe5 11.dxe5 Nd7 12.Bxe7 Qxe7 13.cxd5 Nxe5 14.d6 Qg5 15.Ne2 Rd8 16.Rc3 Nc6
17.b4 Qe5 18.Rd3 Bd7 19.Re3 Qh5 20.Qd3 Rac8 21.Ng3 Qd5 22.Ne2 Qxd3 23.Rxd3
Ne5 24.Rh3 Bb5 25.Nc3 Bxf1 26.Kxf1 Rxd6 27.Ke2 Rdc6 28.Rc1 Ng4 29.Rd1 Nxh2
30.Rd7 Rb8 31.Ne4 Ng4 32.f4 Rc2+ 33.Kf3 f5 34.Nd6 Ra2 35.Re7 Rxa3+ 36.Ke2 
Ra2+ 37.Kf3 Rf2+ 38.Kg3 Rd2 39.Nxb7 Ne3 40.Nc5 Rxb4 41.Rxa7 Nf1+ 42.Kh4 
Rxf4+ 43.Kh5 Rxg2 44.Ra8+ Kf7 45.Ra7+ Ke8 46.Nxe6 Rfg4 47.Nc7+ Ke7 48.Ne8+
Kxe8 49.Ra8+ Kd7 50.Ra7+ Kc6 51.Rxg7 Rxg7 52.Rc3+ Kd5 53.Kh6 R2g6+ 54.Kh5 
Ng3+ 55.Rxg3 Rxg3 56.Kh6 Ke6 57.Kh5 Rh3# 0-1